Central Library || Chittagong University

Wartime correspondence between president Roosevelt and Pope Pius XII.// (Record no. 111828)

MARC details
000 -LEADER
fixed length control field 00506nam a22001697a 4500
003 - CONTROL NUMBER IDENTIFIER
control field BD-ChCU
005 - DATE AND TIME OF LATEST TRANSACTION
control field 20260304120243.0
008 - FIXED-LENGTH DATA ELEMENTS--GENERAL INFORMATION
fixed length control field 260304b bg ||||| |||| 00| 0 ben d
040 ## - CATALOGING SOURCE
Transcribing agency BD-ChCU
082 ## - DEWEY DECIMAL CLASSIFICATION NUMBER
Classification number 320.92 ROT
100 ## - MAIN ENTRY--PERSONAL NAME
Personal name Taylor, Myron C.
9 (RLIN) 20758
245 ## - TITLE STATEMENT
Title Wartime correspondence between president Roosevelt and Pope Pius XII.//
Statement of responsibility, etc. Taylor, Myron C.
260 ## - PUBLICATION, DISTRIBUTION, ETC.
Place of publication, distribution, etc. New York
Name of publisher, distributor, etc. Macmillan.
Date of publication, distribution, etc. 1947
300 ## - PHYSICAL DESCRIPTION
Extent 127p
650 #0 - SUBJECT ADDED ENTRY--TOPICAL TERM
Topical term or geographic name entry element Roosevelt, Franklin. D. Press U. S.
9 (RLIN) 20759
942 ## - ADDED ENTRY ELEMENTS (KOHA)
Source of classification or shelving scheme Dewey Decimal Classification
Koha item type Books
Suppress in OPAC No
Holdings
Withdrawn status Lost status Source of classification or shelving scheme Damaged status Not for loan Home library Current library Shelving location Date acquired Source of acquisition Total Checkouts Full call number Barcode Date last seen Copy number Price effective from Koha item type
    Dewey Decimal Classification     Chittagong University Library Chittagong University Library Business and Social Science Reading Room 03/04/2026 Purchase   320.92 ROT 36406 03/04/2026 C-1 03/04/2026 Books
© Copyright 2026. Chittagong University Library, Installation and Maintenance by Prof. Dr. Md. Alamgir, 01711306253